000 01891cam a22003015a 4500
001 115920
008 040912s2017 xxk f 000 0 eng d
020 _a9781783211807
035 _a(Sirsi) u159460
041 0 _aeng
050 0 4 _a347.4107 $2 18
110 2 _aRoyal Institution of Chartered Surveyors
_94900
245 0 0 _aSurveyors acting as adjudicators in the construction industry
_h[electronic resource]
250 _a4th ed.
260 _aCoventry
_bRICS
_c2017
490 0 _aRICS Guidance Note
490 0 _aRICS Professional Standard
505 2 _aGeneral introduction -- Appointment and acceptance -- Procedure and other matters -- Further Sources of information.
520 _aApplies to our professionals who are either nominated by RICS or another adjudicator nominating body (ANB), or appointed directly by the parties, to adjudicate disputes relating to works carried out under a construction contract and works carried out under a contract to which the Construction Act does not apply, but under which the parties have agreed a contractual mechanism to enable them to adjudicate disputes. It is also intended to assist the parties and those acting for them by making them aware of the procedures likely to be followed in an adjudication. Effective from January 2017.
520 _aSupersedes 3rd edition (L157117).
520 _aThis document was originally published in January 2017 as an RICS guidance note and was reissued in April 2023 as an RICS professional standard.
521 _aAdvanced
651 4 _aENGLAND AND WALES
690 _aDispute resolution
_96236
690 _aConstruction management
_96230
856 4 0 _uhttps://www.rics.org/profession-standards/rics-standards-and-guidance/sector-standards/dispute-resolution-standards/surveyors-acting-as-adjudicators-in-the-construction-industry
_zAvailable free on RICS.org
942 _n0
_2ddc
999 _c115920
_d115920